| 000 | 00639pam a2200193 a 4500 | ||
|---|---|---|---|
| 001 | 2105441 | ||
| 005 | 20260304115810.0 | ||
| 008 | 960215s1996 miua b 000 0 eng | ||
| 020 |
_a0825440742 _qpbk. : alk. paper |
||
| 020 |
_a9780825440748 _q(pbk. : alk. paper) |
||
| 050 | 0 | 0 |
_aBS2325 _b.V57 1996 |
| 082 | 0 | 0 |
_a225.6 _220 |
| 245 | 0 | 0 |
_aVital New Testament issues : _bexamining New Testament passages and problems / _cRoy B. Zuck, general editor. |
| 260 |
_aGrand Rapids, MI : _bKregel Resources, _cc1996. |
||
| 300 |
_a288 p. : _bill. ; _c22 cm. |
||
| 440 | 0 |
_aVital issues series ; _vv. 8 |
|
| 700 | 1 | _aZuck, Roy B. | |
| 942 |
_2lcc _cBK _n0 |
||
| 999 |
_c8865 _d8865 |
||